Statistics for Counter-Strike Players by Real Name #2

Click here to take the quiz!

General Stats

  • This quiz has been taken 344 times
  • The average score is 10 of 18

Answer Stats

Real NamePseudonym% Correct
Tarik Celiktarik
91%
Denis Sharipovelectronic
80%
Dan MadesclaireapEX
75%
Danylo TeslenkoZeus
75%
Keith MarkovicNAF
74%
Justin Savagejks
71%
João Vasconcellosfelps
57%
Joakim Myrbostadjkaem
56%
Kristian Wieneckek0nfig
55%
Oscar Cañellasmixwell
54%
Hansel FerdinandBnTeT
53%
Ioann SukharievEdward
53%
Dauren KystaubayevAdreN
49%
Ke LiucaptainMo
39%
HaoWen Xusomebody
36%
Damian Steeledaps
35%
Christian Garcia AntoranloWel
35%
Joakim Gidetundisco doplan
24%

Score Distribution

Percentile by Number Answered

Percent of People with Each Score

Your Score History

You have not taken this quiz